000 00635nam a22002297a 4500
003 UA-OsUOA
001 90570
007 ta
008 20121119b un ||||| |||| 00| 0 ukr d
100 _aМалишевський І.
090 _a821.161.2
_bМ19
942 _cBK
040 _aUA-OsUOA
_bukr
_cUA-OsUOA
_dUA-OsUOA
245 _aМіст через три життя
_bбіографічний роман
300 _a237 с.
955 _a3
041 _aukr
080 _a821.161.2
260 _aК.
_bДніпро
_c1983
650 7 _a82 Література. Літературознавство
_2UDC
999 _c376848
_d376848